<?xml version="1.0" encoding="UTF-8"?>
<collection xmlns="http://www.loc.gov/MARC21/slim">
 <record>
  <leader>01259nam a22001697a 4500</leader>
  <controlfield tag="001">NCT_4_005687</controlfield>
  <controlfield tag="008">240311b        xxu||||| |||| 00| 0 vie d</controlfield>
  <datafield tag="999" ind1=" " ind2=" ">
   <subfield code="c">8173</subfield>
   <subfield code="d">8173</subfield>
  </datafield>
  <datafield tag="082" ind1="0" ind2="8">
   <subfield code="2">23rd ed.</subfield>
   <subfield code="a">615.1</subfield>
   <subfield code="b">M553M</subfield>
  </datafield>
  <datafield tag="245" ind1="0" ind2="0">
   <subfield code="a">The Merck manual of meddical informtion</subfield>
   <subfield code="b">Home edition</subfield>
  </datafield>
  <datafield tag="260" ind1=" " ind2=" ">
   <subfield code="a">Inc</subfield>
   <subfield code="b">Merck &amp; Co</subfield>
   <subfield code="c">1997</subfield>
  </datafield>
  <datafield tag="300" ind1=" " ind2=" ">
   <subfield code="a">1509p</subfield>
   <subfield code="c">24 cm</subfield>
  </datafield>
  <datafield tag="520" ind1="3" ind2=" ">
   <subfield code="a">The Merck Manual's 30-page section on drugs is itself an excellent resource. Here you'll find descriptions of the biological impact of high-powered pharmaceuticals, plus a table of drugs that put the elderly at risk. Its five appendixes on such topics as legal issues and commonly used medical terms segue handily into a guide of institutions that offer information and counseling for a multitude of medical conditions. This exhaustive volume clarifies both the workings of the human body and the geography of its demise, not to mention Western medicine's solutions to its failures. If knowledge is power, buy this book to arm yourself with a world of information.</subfield>
  </datafield>
  <datafield tag="653" ind1=" " ind2=" ">
   <subfield code="a">Y Đa khoa</subfield>
  </datafield>
  <datafield tag="942" ind1=" " ind2=" ">
   <subfield code="2">ddc</subfield>
   <subfield code="c">BK</subfield>
  </datafield>
  <datafield tag="952" ind1=" " ind2=" ">
   <subfield code="0">0</subfield>
   <subfield code="1">0</subfield>
   <subfield code="2">ddc</subfield>
   <subfield code="4">0</subfield>
   <subfield code="6">615_100000000000000_M553M</subfield>
   <subfield code="7">0</subfield>
   <subfield code="9">28721</subfield>
   <subfield code="a">000001</subfield>
   <subfield code="b">000001</subfield>
   <subfield code="d">2024-03-11</subfield>
   <subfield code="o">615.1 M553M</subfield>
   <subfield code="p">MD.22313</subfield>
   <subfield code="r">2024-03-11</subfield>
   <subfield code="w">2024-03-11</subfield>
   <subfield code="y">BK</subfield>
  </datafield>
  <datafield tag="980" ind1=" " ind2=" ">
   <subfield code="a">Thư viện Trường Đại học Nam Cần Thơ</subfield>
  </datafield>
 </record>
</collection>
